| 000 | 00689nam a22002297a 4500 | ||
|---|---|---|---|
| 001 | 12967 | ||
| 003 | BD-RjUL | ||
| 005 | 20211208235401.0 | ||
| 008 | 140130r20052003ii a|||| b||||001 0 eng | ||
| 020 | _a8180611140 | ||
| 035 | _a(BD-RjUL)13017 | ||
| 040 |
_aBD-RjUL _beng _cBD-RjUL |
||
| 041 | _aeng | ||
| 082 |
_222 _a617.47 _bEBE 2005 |
||
| 100 |
_aEbnezar, John. _940416 |
||
| 245 |
_aEssentials of orthopaedics for physiotherapists / _cby John Ebnezar |
||
| 260 |
_aNew Delhi : _bJaypee Brothers, _c2003 [reprinted 2005]. |
||
| 300 |
_aviii, 454 p. : _bill. ; _c28 cm. |
||
| 504 | _aIncludes bibliographical references and index. | ||
| 650 |
_aOrthopedics. _940417 |
||
| 942 |
_2ddc _cBK |
||
| 999 |
_c12967 _d12967 |
||